Nem értjük, félreértjük, vagy valami más van mögötte?

Elmentve itt :
Bibliográfiai részletek
Szerzők: Hervé-Lóránth Ervin
Kegyesné Szekeres Erika
Dokumentumtípus: Könyv része
Megjelent: Juhász Gyula Felsőoktatási Kiadó Szeged 2024
Sorozat:Média, edukáció, felelősség
Tárgyszavak:
mtmt:36072109
Online Access:http://publicatio.bibl.u-szeged.hu/36392
LEADER 00886naa a2200217 i 4500
001 publ36392
005 20260122124446.0
008 250403s2024 hu o 000 hun d
020 |a 9789636480523; 9789636480530 
024 7 |a 36072109  |2 mtmt 
040 |a SZTE Publicatio Repozitórium  |b hun 
041 |a hun 
100 2 |a Hervé-Lóránth Ervin 
245 1 4 |a Nem értjük, félreértjük, vagy valami más van mögötte?  |h [elektronikus dokumentum] /  |c  Hervé-Lóránth Ervin 
260 |a Juhász Gyula Felsőoktatási Kiadó  |b Szeged  |c 2024 
300 |a 11 
300 |a 115-127 
490 0 |a Média, edukáció, felelősség 
650 4 |a Nyelvek és irodalom 
700 0 2 |a Kegyesné Szekeres Erika  |e aut 
856 4 0 |u http://publicatio.bibl.u-szeged.hu/36392/7/Nem%20%C3%A9rtj%C3%BCk%2C%20f%C3%A9lre%C3%A9rtj%C3%BCk%2C%20vagy%20valami%20m%C3%A1s%20van%20m%C3%B6g%C3%B6tte.pdf  |z Dokumentum-elérés